00467nam a22001457a 450000500170000000800410001702000150005804100130007308200140008610000130010024500970011326000580021030000280026865000250029620231109143116.0231109b |||||||| |||| 00| 0 eng d a0908423098 aEnglish  a346.2 BUI lEnglish  aBuilding Claims and Arbitration /cThe Association of Arbitrators and Conference Associates  aPretoria : bConference Associates (Pty) Ltd, c1980  b240 pages ; c25,5 cm.  aLegal practice bLaw